El juguete rabioso /

Guardado en:
Autor Principal: Arlt, Roberto
Formato: Libro
Publicado: Buenos Aires : Nuevo Siglo, 1994
Materias:
Etiquetas: Agregar Etiqueta
Sin Etiquetas, Sea el primero en etiquetar este registro!
LEADER 00567nam a22002055a 4500
001 CEM.cems015701
005 20111006112112.0
008 130507s1994##################000#0#####d
003 CEMS
020 |a 9879049020 
082 0 4 |a A863.4 
100 1 |a Arlt, Roberto 
245 1 0 |a El juguete rabioso /  |c Roberto Arlt 
260 |a Buenos Aires :  |b Nuevo Siglo,  |c 1994 
300 |a 158 p. 
653 |a Literatura 
653 |a Literatura argentina 
653 |a Novelas 
653 |a Novela argentina 
859 |a CEMS  |b BIB. CEMS - Agricultura  |h A863.4  |i Ar53-1  |p A0041.00  |t Ej.1  |v 1  |3 Vol. 1